| 000 | 00885nam a2200313Ia 4500 | ||
|---|---|---|---|
| 001 | Z_4347 | ||
| 003 | CHAP | ||
| 008 | 220113s198X xx 000 0 und d | ||
| 010 | _a167417 | ||
| 040 | _cCHAP | ||
| 082 | _a633.200913 C4 | ||
| 100 |
_aCentro Internacional de Agricultura Tropical _9137696 |
||
| 245 |
_aInforme anual pastos tropicales / _cpor CIAT |
||
| 260 |
_aCali, Colombia : _bEl Centro, _c198X |
||
| 300 | _av. | ||
| 440 | _aDocumento de trabajo; 24 | ||
| 500 | _aLa biblioteca tiene : 1986, 1987, 1988,1989 | ||
| 503 | _aDONACIÓN | ||
| 650 |
_aAgricultura _xInvestigación _xTrópicos _91686 |
||
| 650 |
_aAgricultura _xTrópicos _91888 |
||
| 650 |
_aPastos tropicales _xInvestigación _9137698 |
||
| 650 |
_aTrópicos _xAgricultura _9115279 |
||
| 901 | _a633.200913 C4 | ||
| 902 | _aA | ||
| 910 | _a198X | ||
| 942 | _c1 | ||
| 942 | _cc1 | ||
| 999 |
_c167417 _d167417 |
||